Champions de League of Legends de A à Z - Statistiques

Statistiques générales
  • Ce quiz a été pris 71 fois
  • Le résultat moyen est 18 sur 26
Statistiques - réponses
Lettre Champion(s) % Correct
A Aatrox | Ahri | Akali | Akshan | Alistar | Ambessa | Amumu | Anivia | Annie | Aphelios | Ashe | Aurelion Sol | Aurora | Azir
90%
D Darius | Diana | Dr. Mundo | Draven
84%
B Bard | Bel'Veth | Blitzcrank | Brand | Braum | Briar
80%
C Caitlyn | Camille | Cassiopeia | Cho'Gath | Corki
80%
E Ekko | Elise | Evelynn | Ezreal
80%
G Galio | Gangplank | Garen | Gnar | Gragas | Graves | Gwen
80%
V Varus | Vayne | Veigar | Vel'Koz | Vex | Vi | Viego | Viktor | Vladimir | Volibear
80%
Z Zac | Zed | Zeri | Ziggs | Zilean | Zoé | Zyra
78%
J Janna | Jarvan IV | Jax | Jayce | Jhin | Jinx
76%
K K'Santé | Kai'Sa | Kalista | Karma | Karthus | Kassadin | Katarina | Kayle | Kayn | Kennen | Kha'Zix | Kindred | Kled | Kog'Maw
74%
M Malphite | Malzahar | Maokai | Maître Yi | Mel | Milio | Miss Fortune | Mordekaiser | Morgana
74%
S Samira | Sejuani | Senna | Sett | Shaco | Shen | Shyvana | Singed | Sion | Sivir | Skarner | Smolder | Sona | Soraka | Swain | Sylas | Syndra | Séraphine
74%
L LeBlanc | Lee Sin | Leona | Lillia | Lissandra | Lucian | Lulu | Lux
72%
F Fiddlesticks | Fiora | Fizz
70%
R Rakan | Rammus | Rek'Sai | Rell | Renata Glasc | Renekton | Rengar | Riven | Rumble | Ryze
70%
Y Yasuo | Yone | Yorick | Yunara | Yuumi
70%
T Tahm Kench | Taliyah | Talon | Taric | Teemo | Thresh | Tristana | Trundle | Tryndamere | Twisted Fate | Twitch
68%
X Xayah | Xerath | Xin Zhao
68%
I Illaoi | Irelia | Ivern
66%
N Naafiri | Nami | Nasus | Nautilus | Neeko | Nidalee | Nilah | Nocturne | Nunu et Willump
66%
H Hecarim | Heimerdinger | Hwei
60%
W Warwick | Wukong
60%
O Olaf | Orianna | Ornn
58%
Q Qiyana | Quinn
56%
P Pantheon | Poppy | Pyke
46%
U Udyr | Urgot
44%
Aucun quiz correspondant
Distribution des résultats
% des personnes avec chaque résultat
Percentile par nombre de réponses
Votre historique - résultats
Vous n’avez pas pris ce quiz